000 00383nam a22001337a 4500
008 250422b |||||||| |||| 00| 0 eng d
020 _a9781449024567
050 _aJQ 2417
_b.M43
100 _aMgbeke Darlington
245 _aFundamentals of public Administration: A blueprint for Nigeria innovative public sector
260 _aUSA
_bAuthor House
_c2010
300 _a196
942 _cBK
999 _c3073
_d3073